000 003700000a22001090004500
090 _aAS
_bSeriadas
245 1 0 _aCavernas clasificación ecológica de sus obscuros ecosistemas
041 0 _aEspañol
100 1 _aDel Llano, Manuel
_994137
942 _cARTICULO
773 1 _tRevista de la Academia Colombiana de Ciencias Exactas, Fisicas y Naturales
_332
_h79
_q91-95
_d1997
_g21
999 _c14079
_d14079